Central Library OPAC University of Rajshahi

World Muslim gazetteer / (Record no. 22304)

MARC details
000 -LEADER
fixed length control field 00621nam a2200217u 4500
001 - CONTROL NUMBER
control field 22304
003 - CONTROL NUMBER IDENTIFIER
rucl marc code BD-RjUL
005 - DATE AND TIME OF LATEST TRANSACTION
control field 20211209000806.0
008 - FIXED-LENGTH DATA ELEMENTS--GENERAL INFORMATION
fixed length control field 140308s1992 pk || ||||||| 1 |eng|
035 ## - SYSTEM CONTROL NUMBER
System control number (BD-RjUL)22369
040 ## - CATALOGING SOURCE
Original cataloging agency DLC
Transcribing agency CarP
Modifying agency DLC
-- BD-RjUL
Language of cataloging eng
041 ## - LANGUAGE CODE
Language code of text/sound track or separate title eng
082 ## - DEWEY DECIMAL CLASSIFICATION NUMBER
Classification number 910.30297
Author mark and year WOR 1992
245 00 - TITLE STATEMENT
Title World Muslim gazetteer /
260 ## - PUBLICATION, DISTRIBUTION, ETC. (IMPRINT)
Place of publication, distribution, etc. Dellah :
Name of publisher, distributor, etc. International islamic publishers,
Date of publication, distribution, etc. 1992.
300 ## - PHYSICAL DESCRIPTION
Pagination 925 p. ;
Size 19 cm.
651 #0 - SUBJECT ADDED ENTRY--GEOGRAPHIC NAME
Geographic name Islamic countries
Form subdivision Periodicals.
9 (RLIN) 68868
711 2# - ADDED ENTRY--MEETING NAME
Meeting name or jurisdiction name as entry element World Muslim Conference. [from old catalog]
9 (RLIN) 68869
942 ## - ADDED ENTRY ELEMENTS (KOHA)
Source of classification or shelving scheme Dewey Decimal Classification
Koha item type Books
Holdings
Lost status Source of classification or shelving scheme Damaged status Not for loan Collection code Permanent Location Current Location Shelving location Date acquired Source of acquisition Cost, normal purchase price Total Checkouts Full call number Date last seen Copy number Koha item type
  Dewey Decimal Classification     Non-fiction Central Library, University of Rajshahi Central Library, University of Rajshahi   30/03/2006 Paragon Enterprise dacca 350.00   910.30297 WOR 1992 08/03/2014 C-7 Books
  Dewey Decimal Classification     Non-fiction Central Library, University of Rajshahi Central Library, University of Rajshahi   09/02/1967 Royal Book 15.00   910.30297 WOR 1992 15/05/2014 C-3 Books
  Dewey Decimal Classification     Non-fiction Central Library, University of Rajshahi Central Library, University of Rajshahi   06/02/1967 Royal Book 15.00   910.30297 WOR 1992 16/06/2014 C-2 Books
  Dewey Decimal Classification     Non-fiction Central Library, University of Rajshahi Central Library, University of Rajshahi   04/04/1906 Paragon Enterprizes, Dhaka 350.00   910.30297 WOR 1992 22/11/2016 C-4 Books
  Dewey Decimal Classification   Not For Loan Non-fiction Central Library, University of Rajshahi Central Library, University of Rajshahi Reading Room 09/02/1967 Royal book co. Karachi 15.00   910.30297 WOR 1966 07/12/2016 C-1 Books
  Dewey Decimal Classification     Non-fiction Central Library, University of Rajshahi Central Library, University of Rajshahi   04/04/2006 Dhaka : Paragon Interprisees 350.00   910.30297 WOR 1992 17/11/2018 C-5 Books